[Event "Rail 6 countries 24th"]
[Site "Bad Salzuflen"]
[Date "2013.06.29"]
[Round "3.6"]
[White "Just, Wolfgang"]
[Black "Broad, Michael"]
[Result "1-0"]
[WhiteElo "2126"]
[BlackElo "1816"]
[PlyCount "95"]
[EventDate "2013.06.28"]
[EventType "team-tourn"]
[EventRounds "5"]
[EventCountry "GER"]
[SourceTitle "EXT 2014"]
[Source "ChessBase"]
[SourceDate "2013.11.20"]
[SourceVersion "1"]
[SourceVersionDate "2013.11.20"]
[SourceQuality "1"]
[WhiteTeam "Germany"]
[BlackTeam "England"]
[WhiteTeamCountry "GER"]
[BlackTeamCountry "ENG"]

1. e4 e5 2. Nf3 Nf6 3. Nc3 Nc6 4. Bb5 Bb4 5. 0-0 0-0 6. d3 d6 7. Bg5 a6 8. Ba4 b5 9. Bb3 Bxc3 10. bxc3 Na5 11. Qd2 Nxb3 12. axb3 c5 13. b4 cxb4 14. cxb4 h6 15. Bh4 Bb7 16. h3 Kh7 17. Rfe1 Re8 18. Nh2 Bc8 19. Nf1 d5 20. Bxf6 gxf6 21. exd5 Qxd5 22. Ne3 Qc6 23. Ra3 f5 24. Rc3 Qd6 25. Rc5 Be6 26. Qc3 f4 27. Ng4 Bxg4 28. hxg4 Qd7 29. Rcxe5 Rxe5 30. Qxe5 Rg8 31. f3 Qc6 32. Qxf4 Rg7 33. Qe4+ Qxe4 34. Rxe4 Rg6 35. c4 bxc4 36. dxc4 Rc6 37. Kf2 Kg6 38. Ke3 f5 39. gxf5+ Kxf5 40. g4+ Kf6 41. Kd4 Kg5 42. Re5+ Kf4 43. Rf5+ Kg3 44. c5 Rc8 45. Rf6 Rb8 46. Kc4 Ra8 47. c6 Rc8 48. Kc5 1-0

[Event "EU-chT Railways USIC"]
[Site "Dresden"]
[Date "2000.06.22"]
[Round "4.6"]
[White "Broad, Michael"]
[Black "Andersen, Bent Lojengaard"]
[Result "1/2-1/2"]
[WhiteElo "1720"]
[BlackElo "1600"]
[PlyCount "65"]
[EventDate "2000.06.19"]
[EventType "team-swiss"]
[EventRounds "7"]
[EventCountry "GER"]
[SourceTitle "EXT 2002"]
[Source "ChessBase"]
[SourceDate "2001.11.25"]
[SourceVersion "1"]
[SourceVersionDate "2001.11.25"]
[SourceQuality "1"]
[WhiteTeam "England (USIC)"]
[BlackTeam "Denmark (USIC)"]
[WhiteTeamCountry "ENG"]
[BlackTeamCountry "DEN"]

1. d4 d5 2. c4 e6 3. Nc3 Nf6 4. Bg5 Nbd7 5. e3 Be7 6. Bd3 b6 7. Nf3 Bb7 8. Qc2 h6 9. Bh4 dxc4 10. Bxc4 0-0 11. 0-0 Nh5 12. Bxe7 Qxe7 13. Be2 Nhf6 14. Rfd1 Rfd8 15. a3 c5 16. Rac1 a6 17. e4 cxd4 18. Nxd4 Rac8 19. f3 Ne5 20. b4 Nc4 21. Bxc4 Rxc4 22. Nde2 Rxd1+ 23. Rxd1 Rc7 24. Rd4 Rd7 25. Qd2 Qd8 26. Kf1 Rxd4 27. Qxd4 Qxd4 28. Nxd4 Kf8 29. Na4 Nd7 30. Ke2 Ke7 31. Ke3 g6 32. g3 e5 33. Ne2 1/2-1/2

[Event "EU-chT Railways USIC"]
[Site "Dresden"]
[Date "2000.06.20"]
[Round "1.6"]
[White "Nejezchleba, Josef"]
[Black "Broad, Michael"]
[Result "1/2-1/2"]
[WhiteElo "2073"]
[BlackElo "1720"]
[PlyCount "94"]
[EventDate "2000.06.19"]
[EventType "team-swiss"]
[EventRounds "7"]
[EventCountry "GER"]
[SourceTitle "EXT 2002"]
[Source "ChessBase"]
[SourceDate "2001.11.25"]
[SourceVersion "1"]
[SourceVersionDate "2001.11.25"]
[SourceQuality "1"]
[WhiteTeam "Czech Republic (USIC)"]
[BlackTeam "England (USIC)"]
[WhiteTeamCountry "CZE"]
[BlackTeamCountry "ENG"]

1. e4 e5 2. f4 exf4 3. Nf3 Be7 4. Bc4 Nf6 5. d3 d5 6. exd5 Nxd5 7. Bxd5 Qxd5 8. Bxf4 Qd8 9. 0-0 0-0 10. Qe1 Nc6 11. Nc3 Be6 12. Qg3 Bd6 13. Ne4 Bxf4 14. Qxf4 Nd4 15. Rf2 Nxf3+ 16. Qxf3 Bd5 17. Qg4 Bxe4 18. Qxe4 c6 19. Raf1 Qd7 20. Rf5 Rae8 21. Qc4 Qe6 22. Qa4 a6 23. a3 Re7 24. h3 f6 25. Qb4 Rfe8 26. Kh1 Qf7 27. Qg4 Re1 28. Qg3 Rxf1+ 29. Rxf1 Qe6 30. Qf4 Qe5 31. Qc4+ Qe6 32. Qb4 Re7 33. Qb6 Qd5 34. Qa7 Kf7 35. Qf2 Qe5 36. b4 Qe2 37. Qf5 h6 38. c4 Qe5 39. Qf3 Qc3 40. b5 axb5 41. cxb5 Qxa3 42. bxc6 bxc6 43. Qh5+ Kf8 44. Rb1 Qd6 45. Qf5 Re5 46. Qh7 Kf7 47. Rb7+ Re7 1/2-1/2